Statystyki dla Języki Europy

Kliknij tutaj aby rozwiązać quiz!

Ogólne statystyki

  • Ten quiz został rozwiązany 3 591 razy
  • Średni wynik to 32 z 72

Statystyki odpowiedzi

JęzykLiczba użytkowników% Poprawnych
Polski42 mln
98%
Angielski60 mln
97%
Niemiecki95 mln
95%
Rosyjski135 mln
93%
Francuski62 mln
92%
Ukraiński32 mln
90%
Portugalski12 mln
89%
Włoski58 mln
89%
Czeski10 mln
86%
Słowacki5,8 mln
84%
Norweski4,5 mln
83%
Grecki12 mln
81%
Białoruski8 mln
80%
Szwedzki9 mln
80%
Chorwacki6,5 mln
78%
Estoński1,2 mln
78%
Rumuński25 mln
78%
Duński5 mln
76%
Litewski3,3 mln
76%
Serbski12 mln
76%
Turecki9 mln
75%
Albański6,5 mln
74%
Irlandzki600 tyś
74%
Łotewski1,5 mln
74%
Węgierski14,5 mln
74%
Bułgarski9 mln
73%
Słoweński2,2 mln
73%
Fiński5,4 mln
70%
Islandzki300 tyś
65%
Niderlandzki20 mln
62%
Macedoński1,8 mln
61%
Kataloński8,5 mln
54%
Szkocki100 tyś
54%
Kaszubski100 tyś
49%
Walijski750 tyś
49%
Maltański380 tyś
42%
Baskijski1 mln
34%
Luksemburski300 tyś
32%
Kastylijski32 mln
26%
Kazachski50 tyś
25%
Tatarski5,5 mln
24%
Bretoński700 tyś
20%
Lapoński50 tyś
18%
Jidysz250 tyś
17%
Romski1,5 mln
17%
Sardyński1,7 mln
17%
Retoromański700 tyś
15%
Fryzyjski500 tyś
14%
Farerski60 tyś
13%
Korsykański350 tyś
13%
Dolnołużycki25 tyś
12%
Karelski150 tyś
12%
Górnołużycki40 tyś
11%
Dolnoniemiecki500 tyś
10%
Galisyjski3,2 mln
9%
Kornwalijski3 tyś
9%
Liwski< 1 tyś
8%
Prowansalski3 mln
8%
Arumuński350 tyś
7%
Nieniecki5 tyś
7%
Baszkirski1,5 mln
6%
Gagauski220 tyś
6%
Kałmucki150 tyś
6%
Karaimski8 tyś
6%
Komi550 tyś
6%
Maryjski650 tyś
5%
Mordwiński1,1 mln
5%
Voro70 tyś
5%
Ingryjski< 1 tyś
4%
Wepski8 tyś
4%
Czuwalski1,7 mln
3%
Udomurcki650 tyś
2%

Rozkład punktacji

Percentyl według liczby udzielonych odpowiedzi

Procent ludzi z każdym wynikiem

Twoja historia wyników

Nie rozwiązałeś tego quizu